00422nam a2200121Ia 4500008004100000041001200041082001200053100005200065245006800117260006000185300000900245536004600254211220s9999 xx 000 0 eng d aEnglish aRR.0304 aRajesh, R.uNoorul Islam UniversityvKumaracoil 2aA study of 3PL service providers in India in 2014 / cR. Rajesh aNew Delhi :bIndian Council oF Social Science Research, a76p. aIndian Council of Social Science Research